000 00942nam a22002417a 4500
999 _c1029
_d1029
003 AR-CdUCM
008 190226b ||||| |||| 00| 0 spa d
040 _aMUNICIPALIDAD PROVINCIAL DEL CUSCO
_cBIBLIOTECA MUNICIPAL DEL CUSCO
041 _heng
082 _a909 /
_bM35
100 _aMcNeill, William H
_94006
245 _aEl mundo contemporáneo /
260 _aBuenos Aires :
_bPaidós,
_c1970.
300 _a303 páginas ;
_c17 cm.
505 _aLa primera guerra mundial y sus consecuencias: 1914-1921 -- El mundo entre las dos guerras: 1921-1939 -- La segunda guerra mundial y sus consecuencias: 1939-1949 -- La crisis de la posguerra -- Tendencias sociales y culturales a partir de 1939
650 _aHistoria
_9136
650 _aPrimera Guerra Mundial
_94007
650 _aSegunda Guerra Mundial
_93550
650 _aPosguerra
_94008
650 _aTendencias sociales
_91097
942 _2ddc
_cLIBROS
945 _admma
_d2019-02-26